000 00285nam a22001337a 4500
008 180922b xxu||||| |||| 00| 0 eng d
020 _a9780135759868
041 _aeng
080 _a616.073
100 _a6
101 _aGJEN
245 _aGenetics
_cMertens, Th.R
942 _2udc
_cBK
999 _c48298
_d48298